000 00274nam a22001217a 4500
082 _a158
_bGLA/O
100 _aGLADWELL,MALCOLM
245 _aOUTLIERS
_bTHE STORY OF SUCCESS
260 _aLONDON
_bPENGUIN BOOKS
300 _a310
650 _aSTORY OF SUCCESS
_zUK
942 _cBK
999 _c5110
_d5110